000 01227cam a22003134a 4500
001 15768285
003 PILC
005 20150112093440.0
008 090609s2007 tnu 000 0 eng
010 _a 2009284217
020 _a0785274324
020 _a9780785289272 (repak)
020 _a0785274324
040 _aDLC
_cDLC
_dDLC
050 0 0 _aHD 57.7
_b.M465 1993
082 0 0 _aMnSF 658.4092
_bM45 2000
100 1 _aMaxwell, John C.,
_d1947-
_917957
245 1 4 _aThe 21 most powerful minutes in a leader's day :
_brevitalize your spirit and empower your leadership /
_cJohn C. Maxwell.
246 3 _aTwenty-one most powerful minutes in a leader's day
260 _aNashville :
_bThomas Nelson,
_c1993.
300 _a371 pages :
_c22 cm.
650 0 _aLeadership
_vHandbooks, manuals, etc.
_917958
650 0 _aLeadership
_xReligious aspects.
_917959
650 0 _aProfessional ethics.
_917960
856 4 2 _3Publisher description
_uhttp://www.loc.gov/catdir/enhancements/fy0608/00134098-d.html
906 _a7
_bcbc
_corigres
_d2
_encip
_f20
_gy-gencatlg
942 _2lcc
_cBK
999 _c14702
_d14702